Paroles - Casseurs Flowters - À l'heure où je me couche - Statistiques

Statistiques générales
  • Ce quiz a été pris 377 fois
  • Le résultat moyen est 207 sur 338
Statistiques - réponses
Paroles % Correct
à
99%
a
99%
couche
99%
D'où
99%
j'me
99%
99%
l'heure
98%
de
97%
d'la
97%
d'ma
97%
la
97%
l'on
97%
Début Outro (x4)
96%
Début refrain
96%
Fin Outro
96%
Fin refrain
96%
j'me
96%
Refrain
96%
s'lève
96%
l'heure
95%
n'est
95%
qui
95%
vie
95%
appartient
93%
au
93%
ceux
93%
Un
93%
un
93%
l'avenir
92%
on
92%
qu'le
92%
si
91%
est
90%
plus
90%
jour
89%
le
89%
pour
89%
s'lèvent
89%
nous
88%
attend
87%
monde
87%
peu
87%
d'faire
86%
faire
86%
venu
86%
vienne
86%
qu'la
85%
c'que
84%
demi-tour
84%
depuis
84%
longue
81%
ma
81%
route
81%
tant
80%
d'mieux
79%
mieux
78%
détours
77%
pourra
77%
que
74%
tout
74%
j'en
71%
comme
70%
Comme
70%
rien
70%
pas
69%
une
69%
dans
67%
Ne
67%
ne
67%
quand
67%
avec
62%
et
60%
moi
60%
ça
59%
tard
59%
demain
53%
jamais
53%
loin
53%
j'sais
51%
les
51%
toute
51%
mes
50%
vient
49%
j'fais
48%
te
48%
trop
47%
walkman
47%
aveugle
45%
anomalie
43%
leur
43%
du
42%
programme
42%
m'demande
40%
nuit
40%
réserve
40%
bouge
39%
J'affronte
39%
part
39%
sont
39%
traine
39%
cauchemars
38%
rêves
38%
ans
37%
dehors
37%
j'aurai
37%
vivre
37%
vos
37%
oiseaux
36%
sûr
36%
va
36%
chez
35%
n'existait
35%
perdre
35%
sorti
35%
vingt
35%
c'est
34%
chantent
34%
conseil
34%
nord
34%
qu'j'suis
34%
éternité
33%
moral
33%
porte
33%
quitte
33%
triste
33%
tu
33%
état
32%
suivant
32%
ville
32%
elle
31%
mais
30%
serieux
30%
conneries
29%
jusqu'a
29%
chemin
28%
c'qu'ils
28%
envie
28%
laisse
28%
moitié
28%
m'prennent
28%
quoi
28%
voisine
28%
matin
27%
sais
27%
remettre
26%
ventre
26%
commence
24%
main
24%
ses
24%
travail
24%
lundi
23%
m'demander
23%
peux
23%
d'observer
22%
l'angoisse
22%
marre
22%
nulle
22%
bois
21%
gueule
21%
j'continuerais
21%
qu'on
21%
répète
21%
ressemble
21%
l'amertume
20%
t'iras
20%
bord
19%
j'dois
19%
j'passerai
19%
ravin
19%
savoir
19%
bonne
18%
nos
18%
personne
18%
y
18%
chambre
17%
chance
17%
d'l'attendre
17%
j'veux
17%
m'souhaite
17%
pendant
17%
tenir
17%
fuir
16%
j'm'endors
16%
passer
16%
recoins
16%
galerie
15%
grande
15%
marchande
15%
murs
15%
l'aide
14%
regarder
14%
scaphandre
14%
côté
13%
d'appeler
13%
l'ennui
13%
trompe
13%
entre
12%
file
12%
petites
12%
propre
12%
somnambule
12%
grandit
11%
histoires
11%
glande
10%
être
9%
absent
8%
bloqué
8%
comprendre
8%
j'restais
8%
force
7%
Aucun quiz correspondant
Distribution des résultats
% des personnes avec chaque résultat
Percentile par nombre de réponses
Votre historique - résultats
Vous n’avez pas pris ce quiz